000 00632nam a22002057a 4500
003 0
005 20250912102521.0
008 250912b xxu||||| |||| 00| 0 eng d
020 _a978-93-48196-52-1
050 _aQA 76.9.M35
_b.V47 2025
100 _aVerma, Ravi,
_eauthor.
245 _aMachine learning for beginners /
_cRavi Verma.
250 _aFirst edition.
260 _aNew Delhi, India :
_bVenus Books,
_c2025.
300 _aix, 296 pages :
_billustrations ;
_c24 cm.
504 _aIncludes bibliographical references and index.
650 _aMachine learning.
650 _aArtificial intelligence.
942 _2lcc
_cBK
999 _c367920
_d367920